Estadísticas para Máximos goleadores en la historia del A.C. Milan

Haz click aquí para intentar la prueba.

Estadísticas generales

  • Esta prueba ha sido intentada 31 veces
  • La puntuación promedio es 4 de 10

Estadísticas de respuestas

GolesNacionalidadJugador% Correcto
175UcraniaAndrij Ševčenko
93%
125Países BajosMarco Van Basten
93%
126ItaliaFilippo Inzaghi
59%
104BrasilKakà
44%
164ItaliaGianni Rivera
30%
221SueciaGunnar Nordahl
30%
161Brasil / ItaliaJosé Altafini
15%
136ItaliaAldo Boffi
4%
106ItaliaGiuseppe Santagostino
4%
102ItaliaPierino Prati
4%

Distribución de puntuación

Porcentaje por número respondido

Porcentaje de gente con cada puntuación

Historial de tus puntuaciones

No has intentado esta prueba.